<?xml version="1.0" encoding="UTF-8"?>
<record
    xmlns:xsi="http://www.w3.org/2001/XMLSchema-instance"
    xsi:schemaLocation="http://www.loc.gov/MARC21/slim http://www.loc.gov/standards/marcxml/schema/MARC21slim.xsd"
    xmlns="http://www.loc.gov/MARC21/slim">

  <leader>00823nam a22002537a 4500</leader>
  <controlfield tag="005">20170123162353.0</controlfield>
  <datafield tag="010" ind1=" " ind2=" ">
    <subfield code="a">170521</subfield>
  </datafield>
  <datafield tag="020" ind1=" " ind2=" ">
    <subfield code="c">3.00</subfield>
  </datafield>
  <datafield tag="035" ind1=" " ind2=" ">
    <subfield code="a">170521</subfield>
  </datafield>
  <datafield tag="037" ind1=" " ind2=" ">
    <subfield code="b">Cen Lib/Ret</subfield>
  </datafield>
  <datafield tag="040" ind1=" " ind2=" ">
    <subfield code="a">DPL</subfield>
    <subfield code="b">UR</subfield>
  </datafield>
  <datafield tag="082" ind1=" " ind2=" ">
    <subfield code="a">840.9</subfield>
    <subfield code="2">&#x646; &#x632;&#x637;</subfield>
  </datafield>
  <datafield tag="100" ind1=" " ind2=" ">
    <subfield code="a">&#x646;&#x627; &#x636;&#x631;  &#x6A9;&#x627; &#x6A9;&#x648;&#x631;&#x6CC;  </subfield>
    <subfield code="9">137765</subfield>
  </datafield>
  <datafield tag="245" ind1=" " ind2=" ">
    <subfield code="a">&#x62A;&#x646;&#x642;&#x6CC;&#x62F; &#x648;&#x62A;&#x646;&#x642;&#x6CC;&#x62F;&#x6CC; &#x634;&#x639;&#x648; &#x631;    </subfield>
    <subfield code="c"> </subfield>
    <subfield code="b">&#x646;&#x627; &#x636;&#x631;  &#x6A9;&#x627; &#x6A9;&#x648;&#x631;&#x6CC;</subfield>
  </datafield>
  <datafield tag="246" ind1=" " ind2=" ">
    <subfield code="a">Tanqido Tanqidi shaour</subfield>
    <subfield code="b">by kakori kazmi</subfield>
  </datafield>
  <datafield tag="260" ind1=" " ind2=" ">
    <subfield code="a">&#x627; &#x644;&#x6C1; &#x627; &#x628;&#x627; &#x62F; </subfield>
    <subfield code="b">&#x627; &#x62F;&#x627;&#x631;&#x6C1; &#x627; &#x646;&#x6CC;&#x633; &#x627;&#x631;&#x62F;&#x648;</subfield>
    <subfield code="c">1960</subfield>
  </datafield>
  <datafield tag="270" ind1=" " ind2=" ">
    <subfield code="a">   &#x627; &#x62F;&#x627;&#x631;&#x6C1; &#x627; &#x646;&#x6CC;&#x633; &#x627;&#x631;&#x62F;&#x648;</subfield>
    <subfield code="b">&#x627; &#x644;&#x6C1; &#x627; &#x628;&#x627; &#x62F; </subfield>
  </datafield>
  <datafield tag="300" ind1=" " ind2=" ">
    <subfield code="a">181p.</subfield>
    <subfield code="c">20cm(Hb)</subfield>
  </datafield>
  <datafield tag="650" ind1=" " ind2=" ">
    <subfield code="a">&#x627;&#x631;&#x62F;&#x648; &#x627;&#x62F;&#x628; </subfield>
    <subfield code="9">137766</subfield>
  </datafield>
  <datafield tag="650" ind1=" " ind2=" ">
    <subfield code="a">&#x627;&#x631;&#x62F;&#x648;&#x627;&#x62F;&#x628;  </subfield>
    <subfield code="9">137767</subfield>
  </datafield>
  <datafield tag="650" ind1=" " ind2=" ">
    <subfield code="a">Urdu literature </subfield>
    <subfield code="9">137768</subfield>
  </datafield>
  <datafield tag="650" ind1=" " ind2=" ">
    <subfield code="a">Urdu story</subfield>
    <subfield code="9">63935</subfield>
  </datafield>
  <datafield tag="942" ind1=" " ind2=" ">
    <subfield code="2">ddc</subfield>
    <subfield code="c">UR</subfield>
    <subfield code="h">840.9</subfield>
    <subfield code="m">&#x646; &#x632;&#x637;</subfield>
  </datafield>
  <datafield tag="999" ind1=" " ind2=" ">
    <subfield code="c">109431</subfield>
    <subfield code="d">109431</subfield>
  </datafield>
  <datafield tag="952" ind1=" " ind2=" ">
    <subfield code="0">1</subfield>
    <subfield code="1">0</subfield>
    <subfield code="4">0</subfield>
    <subfield code="7">0</subfield>
    <subfield code="a">L</subfield>
    <subfield code="b">L</subfield>
    <subfield code="d">2016-03-10</subfield>
    <subfield code="e">Cen Lib/Ret</subfield>
    <subfield code="g">3.00</subfield>
    <subfield code="l">0</subfield>
    <subfield code="o">840.9 &#x632;&#x637;&#x646;</subfield>
    <subfield code="p">170521</subfield>
    <subfield code="r">2016-03-10 00:00:00</subfield>
    <subfield code="t">1</subfield>
    <subfield code="v">3.00</subfield>
    <subfield code="w">2016-03-10</subfield>
    <subfield code="y">UR</subfield>
  </datafield>
</record>
